Muqamat (Record no. 2160)

MARC details
000 -LEADER
fixed length control field 00598nam a2200241 a 4500
020 ## - INTERNATIONAL STANDARD BOOK NUMBER
ISBN
082 00 - DEWEY DECIMAL CLASSIFICATION NUMBER
Classification number 892.73
Author Cutter HAM
100 ## - MAIN ENTRY--AUTHOR NAME
Author name Hamdani Al, Badiuzzaman
245 ## - TITLE STATEMENT
Title Muqamat
260 ## - PUBLICATION, DISTRIBUTION, ETC. (IMPRINT)
Place of publication Bombay
Name of publisher No Publishers
Year of publication 0000
300 ## - PHYSICAL DESCRIPTION
Number of Pages 102p
500 ## - GENERAL NOTE
General note includes index and biblioraphy
505 2# - FORMATTED CONTENTS NOTE
Formatted contents note 12 Volumes in Bounded in Six Volumes
650 ## - SUBJECT ADDED ENTRY--TOPICAL TERM
Topical Term Arabic-Literature
942 ## - ADDED ENTRY ELEMENTS (KOHA)
Koha item type Books
700 1# -
-- Hamdani Al, Badiuzzaman
Holdings
Collection code Home library Current library Date acquired Cost, normal purchase price Full call number Accession Number Koha item type
  Henry Martyn Institute Library Henry Martyn Institute Library 06/04/2007 100.00 892.73 HAM 04638 Books
                   Copyright © 2026 | Henry Martyn Institute | Hyderabad | TS-500052 | INDIA | Implemented by hmi.edu.in
Hit-Count:

Powered by Koha